| 000 | 00575 a2200241 4500 | ||
|---|---|---|---|
| 260 | _aParis | ||
| 630 | _a657 - Comptabilité | ||
| 037 | _b2, Achat | ||
| 650 | _a6 - SCIENCES APPLIQUEES | ||
| 100 | _aKhlaifi, Rachid | ||
| 260 | _bLes Editions d'Oragnisation | ||
| 245 | _aExercices de comptabilité dans le cadre du nouveau plan comptable | ||
| 300 | _a68 p. | ||
| 650 | _aPlan comptable : exercices | ||
| 260 | _c1982 | ||
| 300 | _b22cm | ||
| 100 | _lFr | ||
| 037 | _aS 2029 | ||
| 037 | _aS 2032 | ||
| 020 | _a2-7081-0476-4 | ||
| 999 |
_c42106 _d42106 |
||